Geography Quiz

Random Geography or State Quiz

Geographical Sharing Quiz Stats

Quiz Updated Jul 14, 2016

Challenge
Share
Tweet
Embed
Score 0/59 Timer 11:00
1 Play Today
% Correct
California
93.9%
Norway
92.6%
Russia
92.5%
Canada
91.9%
Washington
91.5%
Finland
91.5%
Alaska
91%
Oregon
90.3%
Sweden
89.4%
Iceland
87.9%
Hawaii
86.6%
London
86.3%
France
85.5%
Germany
85.3%
Western Australia
85.1%
Austria
84.7%
Switzerland
84.5%
Denmark
83.4%
Nepal
82.8%
New South Wales
82.6%
United States
82.5%
South Australia
82.3%
Ecuador
81.8%
Italy
81.5%
Brazil
81.1%
Queensland
80.3%
Egypt
79.7%
Budapest
77.6%
Saudi Arabia
77%
Colombia
76.9%
% Correct
Liechtenstein
76.1%
Mediterranean Sea
72.2%
Yemen
71.7%
Tasmania
71.4%
Tanzania
71.3%
British Columbia
70%
Norwegian Sea
67.9%
China
67.4%
Eritrea
67.4%
Oxford
67%
Vienna
66.5%
Victoria
65.7%
Borneo
65.6%
Djibouti
65%
North Sea
64.9%
Slovenia
64.6%
Uganda
64.5%
Greenland Sea
64.4%
Sumatra
62.9%
Alberta
62.1%
Belgrade
55.3%
Kenya
54.8%
Bratislava
54.2%
Baton Rouge
53.8%
Sudan
53.1%
Reading
52.1%
Monaco
48.9%
St. Paul
48.3%
New Guinea
34.4%

You're not logged in!

Compare scores with friends on all Sporcle quizzes.
Join for Free
OR
Log In

You Might Also Like...

Show Comments

Extras

Top Quizzes Today


Score Distribution

Your Account Isn't Verified!

In order to create a playlist on Sporcle, you need to verify the email address you used during registration. Go to your Sporcle Settings to finish the process.

Report this User

Report this user for behavior that violates our Community Guidelines.

Details: